Представление документа в формате RUSMARC

ПолеНазваниеЗначение
  Тип записи i
  Библиографический уровень m
001 Контрольный номер LIBNET\0000208440
005 Дата корректировки 20250217111203.1
010 Индекс ISBN __
d Цена 307-82
100 Данные общей обработки __
a Данные общей обработки 19161227d2010||||||| 0rusy0189 ca
101 Язык документа 1_
a Язык текста rus
c Язык оригинала eng
102 Страна публикации __
a Страна публикации RU|
105 Кодированные данные (монография) __
a Кодированные данные (монография) nn|||||||f|zy
127 Кодированные данные (звукозаписи-физические характеристики) __
a Продолжительность проигрывания 19 ч
200 Заглавие и сведения об ответственности 1_
a Заглавие Фирма
e Сведения, относящиеся к заглавию [16+]
f Первые сведения об ответственности Джон Гришэм ; читает Вадим Максимов
b Общее обозначение материала Звукозапись
210 Выходные данные 1_
a Место издания Москва
c Издательство Аудиокнига
d Дата издания 2010
215 Физическое описание __
a Объем 2 электрон. опт. диска (Audio CD)
c Иллюстрации/тип воспроизводства mp3
d Формат 12х14 см
225 Серия 2_
a Серия Мастера детектива
230 Специфическая характеристика материала: электронные ресурсы __
a Обозначение и объем ресурса Электронные звуковые данные
300 Общие примечания __
a Общие примечания Заглавие с этикетки диска
323 Примечание о главных создателях, исполнителях, участниках __
a Примечание о главных создателях, исполнителях, участниках Максимов, В. (читает)
330 Аннотация __
a Аннотация Молодой, подающий надежды адвокат получает престижную должность в богатой и солидной фирме - и очень скоро понимает, что за ее респектабельным фасадом скрывается нечто очень и очень странное, причем подозрительная гибель трех сотрудников фирмы - лишь верхушка айсберга неразгаданных, таинственных преступлений...
333 Примечание о целевом назначении __
a Примечание о целевом назначении 16+. Для детей старше 16 лет
337 Примечание о системных требованиях (электронные ресурсы) __
a Примечание о системных требованиях (электронные ресурсы) Системные требования: CD-плеер с поддержкой MP3 или Pentium-233 с Windows 9x-XP ; CD-ROM ; звуковая карта
606 Тематические рубрики __
a Основная рубрика Художественная литература
606 Тематические рубрики __
a Основная рубрика Литература Америки (произведения)
y Географическая подрубрика США
610 Ключевые слова 0_
a Ключевые слова американская литература
a Ключевые слова детективные романы
a Ключевые слова детективы
a Ключевые слова зарубежная литература
a Ключевые слова иностранная литература
a Ключевые слова тема преступлений
a Ключевые слова тема расследований
a Ключевые слова тема убийств
a Ключевые слова тема экономических преступлений
686 Индексы других классификаций __
2 Код системы rubbks
a Классификационный индекс 84(7Сое)6-445я04
700 Автор _1
a Фамилия Гришэм
b Имя Д.
f Даты 1955-
g Полное личное имя Джон
4 Код отношения 070
801 Источник записи _0
a Страна RU
b Организация Муниципальное бюджетное учреждение культуры "Централизованная библиотечная система" г. Сургут (Центральная городская библиотека им. А. С. Пушкина)
c Дата составления 20161227
g Правила каталогизации КиК/Апакова
801 Источник записи _1
a Страна RU
b Организация Муниципальное бюджетное учреждение культуры "Централизованная библиотечная система" г. Сургут (Центральная городская библиотека им. А. С. Пушкина)
c Дата составления 20161227
g Правила каталогизации КиК/Апакова
852 Данные о местонахождении __
j Шифр хранения 84(7Сое)6-445я04
i Авторский знак Г 85
901 Тип документа __
t Тип документа 0
903 Характеристики (МАРС) __
a Дата передачи 20161227
969 Тип издания __
a Тип издания аудиокнига; издание для слепых
990 Данные о заказе (DOS) __
j Количество экземпляров (DOS) 6
t N записи в КСУ для И/У (DOS) 201701